The Crystal Palace, Sydenham (Record no. 116523)

MARC details
000 -LEADER
fixed length control field 00977cam a22001935a 4500
001 - CONTROL NUMBER
control field L140905
008 - FIXED-LENGTH DATA ELEMENTS--GENERAL INFORMATION
fixed length control field 071017s1911 xxk eng u
035 ## - SYSTEM CONTROL NUMBER
System control number (Sirsi) u140905
041 0# - LANGUAGE CODE
Language code of text/sound track or separate title eng
110 2# - MAIN ENTRY--CORPORATE NAME
Corporate name or jurisdiction name as entry element Knight Frank and Rutley
9 (RLIN) 1990
245 04 - TITLE STATEMENT
Title The Crystal Palace, Sydenham
Remainder of title to be sold by auction...on Tuesday 28th day of November 1911 at The Estate Room, 20 Hanover Square, London W. at two o'clock precisely by Howard Frank of Messrs. Knight Frank and Rutley acting in conjunction with John Roy Lancaster of Messrs. Horne and Co...
300 ## - PHYSICAL DESCRIPTION
Extent 64 p.
Other physical details ill.
Dimensions 42 cm.
Accompanying material + 1 plan (col., 100 x 127 cm., in folder 22 x 34 cm.)
340 ## - PHYSICAL MEDIUM
Material base and configuration Printed
351 ## - ORGANIZATION AND ARRANGEMENT OF MATERIALS
Organization Single item
500 ## - GENERAL NOTE
General note Library holds three copies - one copy of the sales particulars has a colour illustration on the cover, the other two have a monochrome illustration.
651 4# - SUBJECT ADDED ENTRY--GEOGRAPHIC NAME
Geographic name London
690 ## - LOCAL SUBJECT ADDED ENTRY--TOPICAL TERM (OCLC, RLIN)
Topical term or geographic name as entry element PROPERTY-PROPERTY ACQUISITION AND DISPOSAL-ACQUISITION AND DISPOSAL AT AUCTION
942 ## - ADDED ENTRY ELEMENTS (KOHA)
Suppress in OPAC 0
Holdings
Withdrawn status Lost status Source of classification or shelving scheme Damaged status Not for loan Home library Current library Shelving location Date acquired Total Checkouts Full call number Barcode Date last seen Copy number Price effective from Koha item type
    Dewey Decimal Classification     Historic collection Historic collection Historic collection 17/10/2007   MAP CABINET DRAWER 10 30013195 06/08/2019 1 06/08/2019 Archive
    Dewey Decimal Classification     Historic collection Historic collection Historic collection 17/10/2007   MAP CABINET DRAWER 10 30013194 06/08/2019 2 06/08/2019 Archive
    Dewey Decimal Classification     Historic collection Historic collection Historic collection 17/10/2007   MAP CABINET DRAWER 8 140905-4001 06/08/2019 1 06/08/2019 Archive